000 005160000a22001930004500
003 LK-CoMWRAF
008 230817t ||||| |||| 00| 0 eng d
020 _a1882494075
040 _aLK-CoMWRAF
_dLK-CoMWRAF
_eLK-CoMWRAF
041 _aeng
082 _a152.7
_bAHM
100 _aAhmad, Hazrat Mirza Tahir
245 _aUniversal Moral Values, Politics and World Peace
_b
260 _bThe Ahmadiyya Movement in Islam
_aCanada
_c1997
300 _ap.31
650 _aGlobal War
650 _aJustice
942 _cBK
999 _c1742
_d1742